Score 0/18 Timer 04:00
0 Plays Today
Scrambled Name Themed Name % Correct
IKENNike
95.3%
SUZEZeus
82.6%
HEARHera/Rhea
70.1%
EARSAres
65.4%
ADESHHades
61.3%
IGAAGaia
60.4%
Theme connecting the names ->Greek Gods
59.4%
LOOPLAApollo
54.7%
SHEEMRHermes
52%
Scrambled Name Themed Name % Correct
SUNAURUranus
47.8%
HANEATAthena
47.3%
REDTEEMDemeter
39.5%
PAHTREOIDAphrodite
37.2%
POONDIESPoseidon
33.1%
EARMITSArtemis
33%
USDISONYDionysus
31.7%
STEPHASHUEHephaestus
24.5%
ISHATEHestia
13.3%
Remove Ads.
Support Sporcle.
Get the best of Sporcle when you Go Orange. This ad-free experience offers more features, more stats, and more fun while also helping to support Sporcle. Thank you for becoming a member.

You're not logged in!

Compare scores with friends on all Sporcle quizzes.
OR
Log In

Show Comments

Extras

Top Quizzes Today


Score Distribution

Your Account Isn't Verified!

In order to create a playlist on Sporcle, you need to verify the email address you used during registration. Go to your Sporcle Settings to finish the process.

Report this User

Report this user for behavior that violates our Community Guidelines.

Details: